| 000 | 00594nam a22002052 4500 | ||
|---|---|---|---|
| 001 | 0000018648 | ||
| 005 | 20151217152132.0 | ||
| 008 | 100224s xx 000 0 eng d | ||
| 020 | _a8126103523 : | ||
| 040 |
_aKABU _cKABU |
||
| 245 | 1 | 0 |
_aOrganisation of library automation / _cedited by S. K. Pandey. |
| 250 | _a1st ed. | ||
| 260 |
_aNew Delhi : _bAnmol, _c2000. |
||
| 300 | _avii, 305 p. | ||
| 650 | 0 |
_aLibraries _xAutomation. _@0000156628 |
|
| 700 | 1 |
_aPandey, S. K. _@0000177972 |
|
| 852 | 1 | _9p3550 KES | |
| 908 | _a100224 | ||
| 950 | _@1 | ||
| 999 |
_c8609 _d8609 |
||